| 000 | 01156nam a2200289Ia 4500 | ||
|---|---|---|---|
| 003 | GCL | ||
| 008 | 140319s9999 xx 000 0 ara d | ||
| 040 |
_aGCL / _cGCL |
||
| 082 | 0 | 4 |
_a398.903 _bم م |
| 100 | 1 | _aمحمد الراوى | |
| 245 | 1 | 0 |
_aموسوعة الامثال الشعبية والعامية فى الوطن العربى / _cمحمد الراوى |
| 250 | _aالاولى | ||
| 260 |
_aالاردن : _bدار اسامة للنشر والتوزيع ، _c2000 |
||
| 300 |
_a296 ص ؛ _c24 سم |
||
| 650 | 0 | 4 | _aالادب العربى |
| 650 | 0 | 4 | _aدوائر المعارف |
| 650 | 0 | 4 | _aالامثال العامية العربية |
| 650 | 0 | 4 | _aالامثال العربية - فلسطين |
| 650 | 0 | 4 | _aالامثال العربية - قطر |
| 650 | 0 | 4 | _aالادب الشعبى - العالم العربى |
| 650 | 0 | 4 | _aالامثال العربية - مصر |
| 650 | 0 | 4 | _aالامثال العربية - اليمن |
| 650 | 0 | 4 | _aالامثال العربية - السعودية |
| 650 | 0 | 4 | _aالامثال العربية - العراق |
| 650 | 0 | 4 | _aالامثال العربية - الكويت |
| 942 |
_2ddc _cBK |
||
| 999 |
_c8446 _d8446 |
||